| 000 | 00512nam a2200193Ia 4500 | ||
|---|---|---|---|
| 008 | 220531s9999 xx 000 0 und d | ||
| 041 | _aeng | ||
| 082 |
_a5.42 _bOPE / SIL |
||
| 100 |
_aSilberschatz, A. and others _969353 |
||
| 245 | _aOperarting System Concepts | ||
| 250 | _a8th | ||
| 260 |
_aNew Delhi _bWiley _c2014 |
||
| 300 | _a972 | ||
| 542 | _d03-01-2015 | ||
| 551 |
_aComputer Science _bNon-grant-CS |
||
| 650 |
_aOperating System _969354 |
||
| 906 |
_d2014-2015 _f4213 |
||
| 999 |
_c38908 _d38908 |
||